<?xml version="1.0" encoding="UTF-8"?>
<collection xmlns="http://www.loc.gov/MARC21/slim">
 <record>
  <leader>     na                 </leader>
  <controlfield tag="001">INLIS000000000012657</controlfield>
  <controlfield tag="005">20211118084949</controlfield>
  <datafield tag="035" ind1=" " ind2=" ">
   <subfield code="a">0010-0721007916</subfield>
  </datafield>
  <controlfield tag="008">211118                g          0 ind  </controlfield>
  <datafield tag="245" ind1="1" ind2=" ">
   <subfield code="a">Beberapa Aspek Hukum Tata Negara, Hukum Pidana, dan Hukum Islam :</subfield>
   <subfield code="b">Menyambut 73 Tahun Prof. Dr. H. Muhammad Tahir Azhary, SH. Akademisi Praktisi Politisi</subfield>
  </datafield>
  <datafield tag="100" ind1="1" ind2=" ">
   <subfield code="a">Azhary , Muhammad Tahir</subfield>
  </datafield>
  <datafield tag="250" ind1=" " ind2=" ">
   <subfield code="a">1</subfield>
  </datafield>
  <datafield tag="260" ind1=" " ind2=" ">
   <subfield code="a">Depok :</subfield>
   <subfield code="b">Kencana,</subfield>
   <subfield code="c">2012</subfield>
  </datafield>
  <datafield tag="300" ind1=" " ind2=" ">
   <subfield code="a">208 hlm. ;</subfield>
   <subfield code="c">23 cm.</subfield>
  </datafield>
  <datafield tag="020" ind1=" " ind2=" ">
   <subfield code="a">978-602-9413-30-4</subfield>
  </datafield>
  <datafield tag="084" ind1=" " ind2=" ">
   <subfield code="a">342 AZH b</subfield>
  </datafield>
  <datafield tag="520" ind1=" " ind2=" ">
   <subfield code="a">Beberapa Aspek Hukum Tata Negara . Hukum Pidana Dan Hukum Islam Buku ini disiapkan untuk menyambut 73 Tahun Prof. Dr. H. Muhammad Tahir Azhary, S.H. (27 November 2012) sebagai Akademisi Praktisi POlitisi. Selain memuat biografi dan kumpulan artikel beliau, buku ini memuat pula sumbangan tulisan artikel dari para sahabat :Prof. Dr. Yusril Ihza Mahendra, S.H. Prof. Dr. Jimly Asshiddiqie, S.H.Prof. Dr. Ahmad Sukardja, S.H., M.A. Dr. Hamdan Zoelva, S.H., M.H.Prof. Koespramono Irsan, SIK, S.H., M.M., M.B.A.Prof. Abdul Bari Azed, S.H., M.H. Prof. Hikmahanto JuwanaProf. Dr. H. Ateng Syafrudin, S.H. Prof. Dr. H. Zainuddin Ali, M.A.Prof. Dr. Uswatun Hasanah Hadimulyo Prof. Dr. Satya Arinanto, S.H., M.H.Dr. Hj. R.A. Evita Isretno Israhadi, S.H, M.H. Dr. H. Ahmad Ubbe, S.H., A.P.Prof. Dr. H. Muhammad Tahir Azhary, S.H. lahir di Kota Madya Palembang, 14 Syawal 1359 H bertepatan dengan 27 November 1939. Alumni Universitas Indonesia balk S-1 maupun S-3 Ilmu Hukum. Melanjutkan studi untuk Program M.A. pada Institute of Islamic Studies McGill University Montreal Canada 1973-1975. Sejak November 1989 s/d Agustus 1990 melanjutkan penelitian untuk penyusunan disertasi S-3 Ilmu Hukum pada Fakultas Hukum Universitas Leiden dengan sponsor Nederlandse Raad voor Juridische Samenwerking met Indonesia. Pada tanggal 9 Maret 1991 memperoleh gelar doktor dalam ilmu hukum dari Universitas Indonesia. Pada tahun 1995/1996 sebagai guru besar tamu pada Law School University of Melbourne Australia. Mulai mengajar sejak 1 Februari 1968 pada Fakultas Hukum Universitas Indonesia dan juga di perguruan tinggi lain. Kecuali itu aktif sebagai praktisi baik dalam bidang hukum maupun dalam bidang dakwah sebagai khatib dan penceramah tentang Islam di RCTI dan ANN. Sejak tahun 2002 bergabung dengan Partai Islam Indonesia (PII), kemudian sebagai Pjs Ketua Umum partai tersebut. Karena PII tidak lobos dalam verifikasi oleh KPU maka disepakati oleh Pimpinan Pusat PII, anggota-anggota PII boleh bergabung dengan partai lain sebagai calon legilatif (Caleg) DPR. Karena itu Prof. Tahir bergabung dengan Partai Amanat Nasional (PAN) dalam PEMILU 2004 sebagai Caleg DPR untuk daerah pemilihan I DKI Jakarta dari PAN. Sekitar tahun 2006 Prof. Tahir diundang untuk bergabung dengan Partai Bulan Bintang (PBB) sebagai wakil Ketua Majelis Syuro. Kemudian sebagai CALEG dari PBB untuk DPR daerah pemilihan Kabupaten Tangerang pada tahun 2009. Alhamdulillah dalam kedua pencalonan itu tidak berhasil. Dalam dunia politik ternyata banyak hunky funky (hiruk pikuk) yang akhirnya mendorong Prof. Tahir kembali kehabitatnya (dunia akademik).</subfield>
  </datafield>
  <datafield tag="082" ind1=" " ind2=" ">
   <subfield code="a">342</subfield>
  </datafield>
  <datafield tag="650" ind1=" " ind2="4">
   <subfield code="a">Hukum Tata Negara</subfield>
  </datafield>
  <datafield tag="863" ind1=" " ind2=" ">
   <subfield code="a">1</subfield>
  </datafield>
  <datafield tag="990" ind1=" " ind2=" ">
   <subfield code="a">059821</subfield>
  </datafield>
  <datafield tag="990" ind1=" " ind2=" ">
   <subfield code="a">059822</subfield>
  </datafield>
  <datafield tag="990" ind1=" " ind2=" ">
   <subfield code="a">059823</subfield>
  </datafield>
  <datafield tag="990" ind1=" " ind2=" ">
   <subfield code="a">059824</subfield>
  </datafield>
  <datafield tag="990" ind1=" " ind2=" ">
   <subfield code="a">059825</subfield>
  </datafield>
 </record>
</collection>
